El análisis del riesgo y riesgos de frontera : aportes desde las ciencias sociales /

Guardado en:
Detalles Bibliográficos
Autor principal: Pérez Floriano, Lorena Raquel (coord.)
Otros autores: Rodríguez Esteves, Juan Manuel (autor) (autor)
Formato: Libro
Idioma:Español
Publicado: Tijuana, México : El Colegio de la Frontera Norte, 2013, c2013
Temas:
Etiquetas: Agrega una etiqueta
Sin etiquetas, Sé el primero en etiquetar este registro!

MARC

LEADER 00000nam^a2200000^a^4500
001 000350748
005 20250521000000.0
009 20260310114952.099
020 |a 978-607-479-118-1 
037 |a Acervo ITESO - Biblioteca 
041 |a ESP 
082 |a 302. 1209721  |b PER 
100 |a Pérez Floriano, Lorena Raquel  |e (coord.) 
245 1 3 |a El análisis del riesgo y riesgos de frontera :  |b aportes desde las ciencias sociales /  |c Coord. de L.R. Pérez Floriano, J.M. Rodríguez Esteves. 
264 4 |a Tijuana, México :  |b El Colegio de la Frontera Norte,  |c 2013, c2013 
300 |a 273 p. 
336 |a texto  |b txt  |2 rdacontenido 
337 |a sin mediación  |b n  |2 rdamedio 
338 |a volumen  |b nc  |2 rdasoporte 
649 |a XX 
650 |a Riesgo (Ciencias Sociales) -  |z México (Frontera Norte) -  |x Tema Principal 
650 |a Riesgo (Ciencias Sociales) -  |x Tema Principal 
650 |a Riesgo Ambiental -  |z México (Frontera Norte) 
650 |a Riesgos y Accidentes Laborales -  |z México (Frontera Norte) 
650 |a Grupos de Riesgo -  |z México (Frontera Norte) 
650 |a Desastres Naturales -  |z México (Frontera Norte) 
650 |a Influenza A H1N1 -  |z México (Frontera Norte) 
650 |a Salud Pública -  |z México (Frontera Norte) 
650 |a Comunicación Organizacional 
650 |a Psicología Social 
650 |a Sociología 
700 |a Rodríguez Esteves, Juan Manuel  |e (autor) 
910 |a Fondo General 
920 |a Impresos - Libros 
930 |a Colección General 
905 |a 101 
901 |a 0500241229  |b IT1  |c ACC  |i C143123  |u 20250521 
902 |a https://opac.biblio.iteso.mx/vufind/Record/000350748